000 00606nam a2200181Ia 4500
008 151018s9999 xx 000 0 und d
082 _bRBASDV41335
_a920
100 _aरा ग जाधव
245 _aनिवडक साने गुरुजी
250 _b1
260 _bकॉन्टिनेन्टल प्रका. पुणे
_c1999
300 _a605
600 _aरा ग जाधव
630 _aनिवडक साने गुरुजी
700 _aरा ग जाधव
730 _aनिवडक साने गुरुजी
942 _cBOOK
999 _c1040606
_d1040603